LEADER 00945nam0-2200313---450- 001 990008161970403321 005 20050713093945.0 020 $aIT$b1949 2465 035 $a000816197 035 $aFED01000816197 035 $a(Aleph)000816197FED01 035 $a000816197 100 $a20050713d1948----km-y0itay50------ba 101 0 $aita 102 $aIT 105 $ay---n----00yy 200 1 $aElementi di diritto scolastico Comparato$eArgentina, Belgio, Brasile, Cina, Francia, Inghilterra, Stati Uniti, Svizzera, Unione Sovietica 210 $aMilano$cA. Garzanti$d1948$eRoma$hTip. L'airone 215 $ap. 136.$d16. 300 $aL. 250 676 $a323$v12 rid.$zita 700 1$aMarongiu,$bAntonio$0152871 801 0$aIT$bUNINA$gRICA$2UNIMARC 901 $aBK 912 $a990008161970403321 952 $aI D 348$b36205$fFGBC 959 $aFGBC 996 $aElementi di diritto scolastico Comparato$9736790 997 $aUNINA